Carta y breve compendio ; Exhortación o información de buena y sana doctrina /
Guardat en:
| Autor principal: | |
|---|---|
| Altres autors: | |
| Format: | Electrònic eBook |
| Idioma: | espanyol |
| Publicat: |
[València] :
Publicacions de la Universitat de València,
2017.
|
| Col·lecció: | Colección Parnaseo ;
32. |
| Matèries: | |
| Accés en línia: | Digitalia Hispánica |
| Etiquetes: |
Afegir etiqueta
Sense etiquetes, Sigues el primer a etiquetar aquest registre!
|
MARC
| LEADER | 00000nam a2200000Ii 4500 | ||
|---|---|---|---|
| 001 | DIGPUVAL0728 | ||
| 003 | NyNyDIG | ||
| 006 | m o d | ||
| 007 | cr ||||||||||| | ||
| 008 | 211124s2017 sp ob 001 0 spa d | ||
| 035 | |a (OCoLC)1287826381 | ||
| 040 | |a DGITA |b eng |e rda |e pn |c DGITA | ||
| 020 | |a 9788491342571 |q eBook |q ePub | ||
| 020 | |z 9788491342267 | ||
| 043 | |a e-sp--- | ||
| 050 | 1 | 4 | |a JC393 ebook |
| 082 | 0 | 4 | |a 320 |
| 100 | 1 | |a Chinchilla, Pedro de, |e author. | |
| 245 | 1 | 0 | |a Carta y breve compendio ; Exhortación o información de buena y sana doctrina / |c Pedro de Chinchilla ; introducción, edición y notas de David Nogales Rincón. |
| 246 | 3 | 0 | |a Exhortación o información de buena y sana doctrina |
| 264 | 1 | |a [València] : |b Publicacions de la Universitat de València, |c 2017. | |
| 300 | |a 1 online resource. | ||
| 336 | |a text |b txt |2 rdacontent | ||
| 337 | |a computer |b c |2 rdamedia | ||
| 338 | |a online resource |b cr |2 rdacarrier | ||
| 347 | |a text file |2 rdaft | ||
| 347 | |b EPUB | ||
| 490 | 1 | |a Colección Parnaseo ; |v 32 | |
| 504 | |a Includes bibliographical references and index. | ||
| 588 | 0 | |a Online resource; title from ePub title page (Digitalia, viewed November 24, 2021) | |
| 650 | 0 | |a Education of princes |z Spain |v Early works to 1800. | |
| 651 | 0 | |a Castile (Spain) |x History |y Henry IV, 1454-1474 |v Sources. | |
| 655 | 0 | |a Electronic books. | |
| 700 | 1 | |a Nogales Rincón, David, |e editor. | |
| 700 | 1 | 2 | |a Chinchilla, Pedro de. |t Exhortación o información de buena y sana doctrina. |f 2017. |
| 791 | 2 | |a Digitalia (Firm), |e distributor. | |
| 793 | 0 | |g Digitalia eBook Collection: |a Universitat de València | |
| 776 | 0 | 8 | |i Print version: |a Chinchilla, Pedro de. |t Carta y breve compendio. |d [València] : Publicacions de la Universitat de València, 2017 |z 9788491342267 |
| 830 | 0 | |a Colección Parnaseo ; |v 32. | |
| 856 | 4 | 0 | |3 Digitalia Hispánica |u https://digitalia.unach.elogim.com/a/62560/ |
| 910 | |a Premium collection: 2021 | ||